书目信息 |
| 题名: |
静电学
|
|
| 作者: | 孙怀川 编 | |
| 分册: | ||
| 出版信息: | 哈尔滨 黑龙江人民出版社 1981 |
|
| 页数: | 146页 | |
| 开本: | 19cm | |
| 丛书名: | ||
| 单 册: | ||
| 中图分类: | O441.1 | |
| 科图分类: | ||
| 主题词: | 电磁学 , 电动力学 | |
| 电子资源: | ||
| ISBN: | ||
| 000 | 00621nam0 2200241 45 | |
| 001 | 0181008927 | |
| 005 | 20060731153521.53 | |
| 010 | @dCNY0.40 | |
| 091 | @a13093.47 | |
| 100 | @a19950619d1981 em y0chiy0121 ea | |
| 101 | 0 | @achi |
| 102 | @aCN@b230000 | |
| 105 | @ay z 000yy | |
| 200 | 10 | @a静电学@Ajing dian xue@f孙怀川编@Fsun huai chuan bian |
| 210 | @a哈尔滨@c黑龙江人民出版社@d1981 | |
| 215 | @a146页@d19cm | |
| 606 | 0 | @a电磁学 |
| 606 | 0 | @a电动力学 |
| 690 | @aO441.1@v4 | |
| 701 | 0 | @a孙怀川@Asun huai chuan@4编 |
| 801 | 2 | @aCN@bNLC@c20060731 |
| 801 | 0 | @aCN@b上海图书馆@c20060407 |
| 905 | @dO441.1@e26 | |
| 静电学/孙怀川编.-哈尔滨:黑龙江人民出版社,1981 |
| 146页;19cm |
| ISBN :CNY0.40 |
| ● |
| 相关链接 |
|
|
|
|
正题名:静电学
索取号:O441.1/26
 
预约/预借
| 序号 | 登录号 | 条形码 | 馆藏地/架位号 | 状态 | 备注 |
| 1 | 0042007 | 001937444 | 第三借阅区/ [索取号:O441.1/26] | 在馆 | |
| 2 | 0042008 | 001457337 | 密集书库/ [索取号:O441.1/26] | 在馆 | |
| 3 | 0042009 | 001457346 | 密集书库/ [索取号:O441.1/26] | 在馆 | |
| 4 | 0042010 | 001457382 | 密集书库/ [索取号:O441.1/26] | 在馆 | |
| 5 | 0042011 | 001457293 | 密集书库/ [索取号:O441.1/26] | 在馆 | |
| 6 | 0434123 | 204341239 | 密集书库/ [索取号:O441.1/26] | 在馆 | |
| 7 | 0434124 | 204341248 | 密集书库/ [索取号:O441.1/26] | 在馆 | |
| 8 | 0434125 | 204341257 | 密集书库/ [索取号:O441.1/26] | 在馆 |